Statistics for The 1975 Menswear Lyrics

Click here to take the quiz!

General Stats

  • This quiz has been taken 66 times
  • The average score is 145 of 177

Answer Stats

Answer% Correct
"I
100%
I
100%
three
100%
on
98%
a
96%
about
96%
about"
96%
it
96%
the
96%
you
96%
and
93%
me
93%
of
93%
only
93%
your
93%
for
91%
I'm
91%
to
91%
gonna
89%
he
89%
He
89%
in
89%
talk
89%
Well
89%
what
89%
ask
87%
at
87%
bar
87%
have
87%
looking
87%
Matty
87%
so
87%
told
87%
before
85%
best
85%
dressed
85%
like
85%
man
85%
off
85%
plan
85%
whats
85%
with
85%
you're
85%
don't
83%
foot
83%
free
83%
out
83%
white
83%
ammaretto
80%
putting
80%
She's
80%
who's
80%
brought
78%
got
78%
him
78%
knock
78%
previous
78%
see
78%
six
78%
Spillin
78%
Why
78%
crying
76%
point
76%
Said
76%
that's
76%
this
76%
but
74%
girl
74%
joints
74%
never
74%
time
74%
We're
74%
were
74%
bird
72%
cause
72%
first
72%
just
72%
looks
72%
porcelain
72%
reckon
72%
sittin
72%
five
70%
past
70%
think
70%
basin
67%
can
67%
could
67%
her
67%
kiss
67%
met
67%
mouth
67%
passing
67%
placing
67%
really
67%
verge
67%
couple
65%
fortunate
65%
giving
65%
hardly
65%
I've
65%
racket
65%
shagging
65%
words
65%
yosh
65%
going
63%
if
63%
I'll
63%
lips
63%
mind
63%
seen
63%
probably
61%
say
61%
everybody
57%
it's
57%
railing
57%
telling
57%
Because
54%
knockin
54%
nowt
50%
Preceeding
28%

Score Distribution

Percentile by Number Answered

Percent of People with Each Score

Your Score History

You have not taken this quiz